000 00375nam a22001217a 4500
999 _c9766
_d9766
003 OSt
008 201212b ||||| |||| 00| 0 eng d
245 _aIndian Journal of Industrial Relations
250 _a2016(July Vol.52 No.1, Oct Vol.52 No.2) 2017(Jan 52 Vol.3, Apr Vol.52 No.4)
260 _aNew Delhi
_bShri Ram Centre
650 _aMechanical Engineering
942 _2ddc
_cBV